000
00242nam a2200097Ia 4500
001
705444
005
20250826162430.0
008
250824s9999 xx 000 0 und d
245
0
_a
BÖYLE BUYURDU NIETZSCHE
_c
NIETZSCHE
260
_b
ŞULE YAYINLARI
999
_c
705444
_d
705444